| 000 | 02515nam0a2200409 4500 | ||
|---|---|---|---|
| 001 | RU\NLR\bibl\1321549 | ||
| 005 | 20260407130549.0 | ||
| 010 |
_a5-7034-0138-0 _96500 |
||
| 035 | _a(NLR Aleph) 001306889 | ||
| 090 |
_a654691 _c654691 |
||
| 100 | _a20090129d2004 |||y0rusy50 ca | ||
| 101 | 0 |
_arus _aeng |
|
| 102 | _aRU | ||
| 105 | _aa ||||||||| | ||
| 200 | 1 |
_aОфициальные символы Челябинской области и муниципальных образований _dOfficial symbols of the Chelyabinsk region and its municipalities _f[К. Моченов, Г.А. Туник] _gГералд. совет при Президенте Рос. Федерации [и др.] _zeng |
|
| 210 |
_aЧелябинск _cРусский раритет _d2004 |
||
| 215 |
_a294, [1] с. _cцв. ил., портр. _d29 |
||
| 225 | 1 | _aТерриториальная геральдика современной России | |
| 300 | _aАвт. указаны на обороте тит. л. | ||
| 300 | _aВ надзаг. также: Законод. Собр. Челяб. обл., Правительство Челяб. обл., Геральд. комис. Челяб. обл., Союз геральдистов России | ||
| 300 | _aЗагл. частей парал. на рус. и англ. яз. | ||
| 300 | _aНа обороте тит. л.: К 70-летию образования Челяб. обл. | ||
| 320 | _aБиблиогр.: с. 292-295 (76 назв.) | ||
| 510 | 1 |
_6z55790 _aOfficial symbols of the Chelyabinsk region and its municipalities _zeng |
|
| 606 | 1 |
_aСимволика государственная _yЧелябинская область _92277730 _3RU\NLR\auth\661364848 |
|
| 686 | _aХ620.8 | ||
| 700 | 1 |
_4070 _8rus _7ca _aМоченов _bК. Ф. _gКонстантин Федорович _3RU\NLR\auth\7778258 _961186 |
|
| 701 | 1 |
_4070 _8rus _7ca _aТуник _bГ. А. _gГалина Александровна _3RU\NLR\auth\7778261 _961189 |
|
| 712 | 0 | 1 |
_4570 _aРоссийская Федерация _bПрезидент _c2004-2008; В. В. Путин _bГеральдический совет _3RU\NLR\AUTH\8810076505 _9655167 |
| 790 | 1 |
_4070 _8rus _7ba _aMočenov _bK. F. _gKonstantin Fedorovič _3RU\NLR\auth\7778259 _961187 |
|
| 790 | 1 |
_4070 _8rus _7ba _aTunik _bG. A. _gGalina Aleksandrovna _3RU\NLR\auth\7778262 _961190 |
|
| 801 | 0 |
_aRU _bNLR _c20090129 _gRCR |
|
| 801 | 1 |
_aRU _bNLR _c20090129 |
|
| 830 | _aавт. по кн. | ||
| 942 | _cBOOK | ||
| 980 | _aNB | ||